00848nam a22001577a 4500082002100000245011000021260004100131300001700172563001500189650003900204942001300243999001900256952015500275952013000430952013000560 a344.0095491bPLC aPakistan Labour Cases 2021 /cFounded by Malik Mir Muhammad and Edited by Muhammad Wahaj Azhar and et all aLahore :bPakistan Law House,c2021. a3 v.c24 cm. aHardcover. aLaw, Pakistan Labour Cases9126991 2ddccREF c612349d612349 00102ddc406344_009549100000000_PLC709636692aNLSbNLScLAWd2024-11-28hVol. LXII, No. 1o344.0095491 PLCpCL-L-1375r2024-11-28w2024-11-28yREF 00102ddc40709636693aNLSbNLScLAWd2024-11-28hVol. LXII, No. 2o344.0095491 PLCpCL-L-1376r2024-11-28w2024-11-28yREF 00102ddc40709636694aNLSbNLScLAWd2024-11-28hVol. LXII, No. 3o344.0095491 PLCpCL-L-1377r2024-11-28w2024-11-28yREF